000 00302nam a22001337a 4500
020 _a978-81-291-1849-3
082 _a425
_bO.BRI/P
100 _aTERRY O'BRIEN
245 _aLITTLE RED BOOK OF PREPOSITIONS
260 _aMUMBAI
_bRUPA
300 _a189
650 _aPREPOSITIONS
_zNEW DELHI
942 _cBK
999 _c3856
_d3856